000 00710nam a2200289Ia 4500
005 20260324125631.0
008 008 260324s9999 xx 000 0 eng d
020 _a9781315250359
037 _aEBOOK
040 _aCRL
040 _beng
040 _cCRL
041 _2eng
041 _aeng
084 _qCRL
100 _aBryan D. Spinks
_91178718
245 0 _aLiturgy in the Age of Reason
245 0 _bWorship and Sacraments in England and Scotland 1662–c.1800
260 _bTaylor and Francis
260 _c2008
365 _a
365 _b240
856 _uhttp://www.taylorfrancis.com/books/9781315250359
942 _cEBOOK
999 _c1774170
_d1774170